Estadísticas para Países que consumen la mayor cantidad de carne

Haz click aquí para intentar la prueba.

Estadísticas generales

  • Esta prueba ha sido intentada 2.557 veces
    (1.540 desde el último reinicio)
  • La puntuación promedio es 8 de 20

Estadísticas de respuestas

KgPaís% Correcto
149Estados Unidos
98%
141España
94%
117Argentina
92%
113Francia
88%
145Australia
71%
149Portugal
67%
118Noruega
45%
132Corea del Sur
33%
(168)Islandia
31%
(137)Nauru
18%
123Israel
17%
116Malasia
17%
(125)Samoa
17%
117Taiwán
15%
120Lituania
14%
(144)Antigua y Barbuda
13%
(119)Barbados
13%
(115)Santa Lucía
13%
(121)San Vicente y las Granadinas
13%
(121)San Cristóbal y Nieves
12%

Distribución de puntuación

Porcentaje por número respondido

Porcentaje de gente con cada puntuación

Historial de tus puntuaciones

No has intentado esta prueba desde el último reinicio